Mười vạn câu hỏi vì sao - Hàng không - Vũ trụ

Tập hợp một loạt các câu hỏi và lời giải đáp về kỹ thuật hàng không, tên lửa vận tải, vệ tinh nhân tạo, tàu vũ trụ chở người, phi hành gia, thăm dò mặt trăng, thăm dò vũ trụ

محفوظ في:
التفاصيل البيبلوغرافية
المؤلف الرئيسي: Hàn, Khởi Đức
التنسيق: كتاب
اللغة:Undetermined
منشور في: Hải Phòng Nhà xuất bản Hải Phòng 2016
الموضوعات:
الوسوم: إضافة وسم
لا توجد وسوم, كن أول من يضع وسما على هذه التسجيلة!
Thư viện lưu trữ: Trung tâm Học liệu Trường Đại học Cần Thơ
LEADER 00969nam a2200205Ia 4500
001 CTU_230757
008 210402s9999 xx 000 0 und d
020 |c 180000 
082 |a 523.12 
082 |b Đ552 
100 |a Hàn, Khởi Đức 
245 0 |a Mười vạn câu hỏi vì sao - Hàng không - Vũ trụ 
245 0 |c Hàn Khởi Đức (Tổng chủ biên) ; Dịch: Trần Thị Thanh Liêm, Trương Ngọc Quỳnh 
260 |a Hải Phòng 
260 |b Nhà xuất bản Hải Phòng 
260 |c 2016 
520 |a Tập hợp một loạt các câu hỏi và lời giải đáp về kỹ thuật hàng không, tên lửa vận tải, vệ tinh nhân tạo, tàu vũ trụ chở người, phi hành gia, thăm dò mặt trăng, thăm dò vũ trụ 
650 |a Vũ trụ học,Cosmology 
910 |a Tuyến 
980 |a Trung tâm Học liệu Trường Đại học Cần Thơ